| 000 | 00809cam a2200301 4500 | ||
|---|---|---|---|
| 008 | 090401t1996 xxu||||| |||| 00| 0 eng d | ||
| 020 | _a0582256305 | ||
| 035 | _a(Sirsi) u46241 | ||
| 041 | _aeng | ||
| 050 | _a692.2 | ||
| 100 | _aBarritt, C.M.H. | ||
| 245 | 4 | _aThe building acts and regulations applied: shops, offices and factories. | |
| 260 |
_aHarlow _bLongman _c1996 |
||
| 300 | _axvi,303p. : ill. ; 24cm. | ||
| 350 | _a15.99 | ||
| 650 | _aBUILDING ACT 1984 | ||
| 650 | _aBUILDING ACTS | ||
| 650 |
_aBUILDING REGULATIONS _96224 |
||
| 650 | _aFACTORIES | ||
| 650 | _aFIRE PRECAUTIONS | ||
| 650 | _aINDUSTRIAL PROPERTY | ||
| 650 | _aOFFICES | ||
| 650 | _aRETAIL PROPERTY | ||
| 650 | _aSHOPS | ||
| 690 | _aBUILDING AND CONSTRUCTION-REGULATIONS | ||
| 942 | _n0 | ||
| 948 | _c04/03/1997 | ||
| 999 |
_c91895 _d91895 |
||